Catàleg del Col·legi de Periodistes de Catalunya
Vista normal Vista MARC

Entrada Corporate Name

Nombre de registres utilitzats a: 1

001 - CONTROL NUMBER

  • control field: 3956

003 - CONTROL NUMBER IDENTIFIER

  • control field: OSt

005 - DATE AND TIME OF LATEST TRANSACTION

  • control field: 20151016130249.0

008 - FIXED-LENGTH DATA ELEMENTS

  • fixed length control field: 130716|| aca||aabn | a|a d

040 ## - CATALOGING SOURCE

  • Original cataloging agency: OSt

110 2# - HEADING--CORPORATE NAME

  • Corporate name or jurisdiction name as entry element: Universitat Politècnica de València

410 2# - SEE FROM TRACING--CORPORATE NAME

  • Corporate name or jurisdiction name as entry element: Universidad Politécnica de Valencia

410 2# - SEE FROM TRACING--CORPORATE NAME

  • Corporate name or jurisdiction name as entry element: Polytechnical University of Valencia

410 2# - SEE FROM TRACING--CORPORATE NAME

  • Corporate name or jurisdiction name as entry element: UPV

410 2# - SEE FROM TRACING--CORPORATE NAME

  • Corporate name or jurisdiction name as entry element: U.P.V.

Implantat amb Koha